000 nam a22 7a 4500
999 _c8247
_d8247
008 171212b xxu||||| |||| 00| 0 eng d
020 _a9780198077428
100 _aHabib, Irfan
_94671
245 _aThe Agrarian system of mughal india 1556-1707
260 _aNew Delhi
_bOxford India press
_c2014